Statistiques concernant Clubs de football par anciens logos

Cliquez ici pour prendre le quiz!

Statistiques générales

  • Ce quiz a été pris 8 312 fois
  • Le résultat moyen est 6 sur 20

Statistiques - réponses

HintRéponse% Correct

Galatasaray SK
88%

Boca Juniors
68%

Olympique de Marseille
63%

AS Rome
54%

Inter Milan
50%

FC Porto
48%

VfB Stuttgart
35%

Paris Saint-Germain
29%

FC Barcelone
26%

Arsenal FC
22%

PSV Eindhoven
20%

Real Madrid
20%

Celtic FC
17%

SL Benfica
17%

Villareal CF
17%

Bayern Munich
16%

Manchester United
14%

Wolverhampton Wanderers FC
14%

Manchester City
9%

AC Milan
8%

Distribution des résultats

Percentile par nombre de réponses

% des personnes avec chaque résultat

Votre développement - résultats

Vous n’avez pas pris ce quiz